Countries Most Similar To Hungary - Statistics

General Stats
  • This quiz has been taken 187 times
  • The average score is 15 of 20
Answer Stats
Rank Country Score % Correct
13 Austria 73.5
93%
1 Slovakia 81.1
92%
5 Poland 77.5
90%
7 Romania 76.5
90%
6 Serbia 76.6
90%
9 Germany 74.8
89%
4 Croatia 77.8
88%
3 Slovenia 78
88%
2 Czechia 78.2
84%
16 Estonia 72.4
75%
17 Italy 72
75%
8 Bulgaria 75.3
74%
12 France 73.6
74%
15 Lithuania 73.1
71%
11 Latvia 73.7
68%
20 Spain 71.3
63%
18 Moldova 71.7
59%
10 Belgium 74.6
54%
19 Netherlands 71.3
52%
14 Luxembourg 73.3
41%
No matching quizzes found
Score Distribution
Percent of People with Each Score
Percentile by Number Answered
Your Score History
You have not taken this quiz